Revitalizácia okolia Kostola Narodenia Panny Márie v Novom Meste nad Váhom

Uložené v:
Podrobná bibliografia
Hlavný autor: Petrová, Timea (Autor)
Ďalší autori: Majorošová, Martina (Vedúci práce)
Médium: Rukopis Kniha
Jazyk:Slovak
Vydavateľské údaje: 2019
Predmet:
On-line prístup:http://is.stuba.sk/zp/portal_zp.pl?podrobnosti=145419
https://opac.crzp.sk/?fn=detailBiblioForm&sid=9F8942B94996237AAEFB1BF666DC
Tagy: Pridať tag
Žiadne tagy, Buďte prvý, kto otaguje tento záznam!

MARC

LEADER 00000ntm a22000003a 4500
001 stuzp74038
003 SK-STU
005 20230608150753.7
007 ta
008 150427s2015----xo-----f-mn---000-0-slo-d
040 |a STU  |b slo 
041 0 |a slo 
100 1 |a Petrová, Timea  |u 010160  |4 aut  |U SvF Stavebná fakulta  |T SvF Katedra vodného hospodárstva krajiny  |X 77125  |U V160  |Y 16  |7 77125 
242 0 1 |a Surroundings revitalisation of Church of the Nativity of the Virgin Mary in Nové Mesto nad Váhom  |y eng 
245 1 0 |a Revitalizácia okolia Kostola Narodenia Panny Márie v Novom Meste nad Váhom 
260 |c 2019 
650 4 |a obnova historickej zelene  |2 slo 
650 4 |a verejná zeleň  |2 slo 
650 4 |a zeleň pri sakrálnych stavbách  |2 slo 
650 4 |a sacral building´s public spaces  |2 eng 
650 4 |a historical greenery renewal  |2 eng 
650 4 |a public greenspaces  |2 eng 
700 1 |a Majorošová, Martina  |u 010160  |k Z1  |4 ths  |U SvF Stavebná fakulta  |T SvF Katedra vodného hospodárstva krajiny  |X 68887  |U V160  |Y 16  |7 A000068887 
856 4 |u http://is.stuba.sk/zp/portal_zp.pl?podrobnosti=145419 
856 4 |u https://opac.crzp.sk/?fn=detailBiblioForm&sid=9F8942B94996237AAEFB1BF666DC